Standard methods for the examination of water and wastewater

Αποθηκεύτηκε σε:
Λεπτομέρειες βιβλιογραφικής εγγραφής
Συλλογικό Έργο: American Public Health Association, American Water Works Association, Water Environment Federation
Άλλοι συγγραφείς: Eaton, Andrew D. (Επιμελητής έκδοσης)
Μορφή: Βιβλίο
Γλώσσα:English
Δημοσίευση: Washington : American Public Health Association, American Water Works Association, Water Environment Federation, 2005
Έκδοση:21st ed.
Θέματα:
Ετικέτες: Προσθήκη ετικέτας
Δεν υπάρχουν, Καταχωρήστε ετικέτα πρώτοι!

MARC

LEADER 00000nam a2200000 i 4500
001 1/54885
008 070914s2005 eng d
020 |a 0-87553-047-8 
035 |l 10090704 
040 |a GR-MY-UA  |b gre  |e aacr 
041 0 |a eng 
082 0 |a 628.161  |2 (22) 
245 1 0 |a Standard methods for the examination of water and wastewater /  |c Andrew D. Eaton ... [κ.ά.] ; American Public Health Association, American Water Works Association, Water Environment Federation 
250 |a 21st ed. 
260 |a Washington :   |b American Public Health Association,   |b American Water Works Association,   |b Water Environment Federation,   |c 2005 
300 |a (Ποικίλες σελιδαριθμήσεις)  |b σχέδια, πίν., εικ. 
500 |a Προετοιμασία και δημοσίευση από κοινού με την American Public Health Association, American Water Works Association, Water Environment Federation 
500 |a Εκατονταετής έκδοση 
504 |a Περιλαμβάνει βιβλιογραφίες και ευρετήρια 
650 0 0 |a Water  |x Analysis. 
650 0 0 |a Sewage  |x Analysis. 
700 1 |a Eaton, Andrew D.  |4 edt 
710 2 |a American Public Health Association. 
710 2 |a American Water Works Association. 
710 2 |a Water Environment Federation. 
852 |a INST  |b CHIOS  |e 20070914  |h 628.161 STA  |p 005200025539  |q 005200025539  |t BK  |y 0 
852 |a INST  |b LESVOS  |e 20080212  |h 628.161 STA  |p 005100040124  |q 005100040124  |t BK  |y 0 
901 |a BIBL2-2007-3 
901 |a BIBL1-2008-1 
909 |a Χ  |b 139020 
909 |a Λ  |b 144866 
922 |a 2ΕΛΗ  |b 200709  |c ΕΠΕΑΕΚ2/ΤΜΟΔ  |d ΠΑΠΑΣΩΤΗΡΙΟΥ 
922 |a 1ΕΛΗ  |b 200801  |c ΕΠΕΑΕΚ2/ΤΠ  |d ΕΛΕΥΘΕΡΟΥΔΑΚΗΣ 
970 |a ΑΤΣΑΛΗ  |b ΔΕΣΠΟΙΝΑ  |z 2007/09/14